Very Important People - Statistics

Statistiche generali
  • Questo quiz è stato fatto 126 volte
    75 dall'ultimo reset
  • Il punteggio medio è 7 su 10
Statistiche sulle risposte
con Immagini Risposta % Corretto
albert einstein
97%
roberto benigni
97%
donatella versace
88%
john travolta
80%
elvis presley
78%
elton john
72%
galileo galilei
71%
yoko ono
71%
Megan fox
58%
martin luther
33%
Nessun quiz corrispondente trovato
Distribuzione punteggi
Percentuale di utenti per punteggio
Percentile per numero di risposta
I tuoi punteggi nel tempo
Non hai fatto questo quiz dall'ultimo reset